| 000 | 00564nam a2200169Ia 4500 | ||
|---|---|---|---|
| 008 | 240428s9999||||xx |||||||||||||| ||und|| | ||
| 020 | _a9964950047 | ||
| 041 | _aeng | ||
| 082 | _a306.362 OP | ||
| 100 | _aNaana J.S. Opoku-Agyemang. | ||
| 245 | 0 | _aWhere there is no silence : articulations of resistance to enslavement | |
| 260 |
_bGhana Academy of Arts and Sciences _aAccra _c2008 |
||
| 300 | _av, 61 p. : col. ill. | ||
| 650 | _aSlavery -- Ghana -- History. - Historic site - Ghana - Slavery in Literature - Tourist trade- Ghana | ||
| 942 | _cIL | ||
| 999 |
_c133 _d133 |
||